000 00279nam a2200121Ia 4500
008 220216s9999 xx 000 0 und d
100 _aBenny K K
245 0 _aIdakkalaswasamaayi idavilakrishi
260 _bRubber
_c2015
300 _a21-22
650 _aIntercrop
942 _cBS
999 _c48612
_d48612